000 00422nam a2200181Ia 4500
005 20240823060333.0
008 240823s9999||||xx |||||||||||||| ||und||
041 _aENGLISH
082 _A530 P9
100 _aSri Jayendra
245 0 _aPhysics Volume 1 (All India Entrance Exams)
250 _a1st
260 _c2009
_bRank
500 _aTRANSFERED
650 _aPhysics
_bPhysics
942 _cBK
999 _c230890
_d230890